El valor del tiempo en educación

Gorde:
Xehetasun bibliografikoak
Egile nagusia: Gimeno Sacristán, José (autor)
Formatua: Liburua
Hizkuntza:gaztelania
Argitaratua: Madrid, España Ediciones Morata S. L 2008
Gaiak:
Etiketak: Etiketa erantsi
Etiketarik gabe, Izan zaitez lehena erregistro honi etiketa jartzen!

MARC

LEADER 00000cam a2200000 a 4500
001 UCE7296
003 CL-VaPUC
005 20230705115624.0
008 150605e20080000sp |||||||||||||||||spa|d
999 |c 359397  |d 359395 
020 |a 9788471125262 
040 |c Pontificia Universidad Católica de Valparaíso 
082 0 4 |a 370.119 GIM 2008  |2 21 
100 |a Gimeno Sacristán, José  |e autor  |9 814227 
245 1 3 |a El valor del tiempo en educación 
260 |a Madrid, España  |b Ediciones Morata S. L  |c 2008 
300 |a 178 páginas 
583 |a last modification  |c 20150605 14:50:00  |k Rodrigo Vera 
650 0 |a Filosofía de la educación   |9 258384 
650 7 |a TIEMPO ESCOLAR  |2 CL-VaPUC  |9 469764 
942 |c BK  |2 ddc 
945 |d 20150605 14:50:00  |a dcastane 
952 |0 0  |1 0  |2 ddc  |3 erb  |4 0  |6 370_119000000000000_GIM_2008  |7 0  |8 A  |9 468569  |a FDOPOS  |b FDOPOS  |i 5162211  |o 370.119 GIM 2008  |p 5162211  |r 2023-08-09  |t 1  |w 2019-11-23  |y BK  |z Catalogado en:20150605  |k MLA 
952 |0 0  |1 0  |2 ddc  |4 0  |6 370_119000000000000_GIM_2008  |7 0  |8 A  |9 562194  |a BIBEDU  |b BIBEDU  |d 2020-03-30  |i 5618371  |o 370.119 GIM 2008  |p 5618371  |r 2020-03-30  |t 2  |w 2020-03-30  |y BK  |k EPE